Hermenéutica de la palabra

Gespeichert in:
Bibliographische Detailangaben
1. Verfasser: Alonso Schökel, Luis (autor)
Format: Buch
Sprache:Spanisch
Veröffentlicht: Madrid Cristiandad 1987
Schriftenreihe:Academia Christiana, 37, 38
Schlagworte:
Tags: Tag hinzufügen
Keine Tags, Fügen Sie den ersten Tag hinzu!

MARC

LEADER 00000nam a2200000 a 4500
001 UCW9661
003 CL-VaPUC
008 890605e19870000SP |||||||||||||||||spa|d
020 |a 8470574007 
020 |a 8470574015v.1 
020 |a 8470574132v.2 
082 0 4 |a 220.601  |b ALO  |2 21 
100 |a Alonso Schökel, Luis  |e autor  |9 591055 
245 1 0 |a Hermenéutica de la palabra 
300 |a 3 v 
942 |c BK 
945 |d 19890605 00:00:00  |a aalvarez 
260 |a Madrid  |b Cristiandad  |c 1987 
500 |a v.1: Hermenéutica bíblica 
500 |a v.2: Interpretación literaria de textos bíblicos 
650 0 |a Biblia  |9 257603 
650 0 |a Hermenéutica  |9 269473 
583 |a last modification  |c 19890605 00:00:00  |k Rodrigo Vera 
490 0 |a Academia Christiana, 37, 38 
999 |c 221573  |d 221571 
952 |0 0  |1 2  |4 0  |6 220_601000000000000_ALO_1987  |7 0  |8 A  |9 215049  |a BIBTEO  |b BIBTEO  |d 2019-11-15  |h v.1  |i 2836076  |o 220.601 ALO 1987  |p 2836076  |r 2019-11-15  |w 2019-11-15  |x Descarte 2019  |y BK  |k ICR 
952 |0 0  |1 2  |4 0  |6 220_601000000000000_ALO_1987  |7 0  |8 A  |9 215050  |a BIBTEO  |b BIBTEO  |d 2019-11-15  |h v.2  |i 2836084  |o 220.601 ALO 1987  |p 2836084  |r 2019-11-15  |w 2019-11-15  |x Descarte 2019  |y BK  |k ICR